000
00257nam a22001217a 4500
008
180905b xxu||||| |||| 00| 0 eng d
041
_a
eng
080
_a
791
100
_a
44
101
_a
ART
245
_a
Travel Photography
_c
Tobert.k
942
_2
udc
_c
BK
999
_c
47565
_d
47565